| 000 | 00346cam a22001097a 4500 | ||
|---|---|---|---|
| 008 | 180718b1950 xxu||||| |||| 00| 0 eng d | ||
| 082 | _aB703x5413 B489/1050 | ||
| 100 | _aBihar. Legislative Department | ||
| 245 | _aThe Bihar local self-government (amendment) act, 1950. [Bihar act XL of 1950] | ||
| 260 |
_aPatna _bThe author _c1950 |
||
| 300 | _a20p. | ||
| 999 |
_c488254 _d488254 |
||